000 00378nam a2200133Ia 4500
008 190216s9999||||xx |||||||||||||| ||und||
100 _aBodie E Douglas & Darl H Mcdsniel
245 0 _aConcepts And Models Of Inorganic Chemistry
250 _a2nd Ed.
260 _bOxford And Ibh Publishing Co. Pvt Ltd
_c1983
300 _a800
650 _aChemistry-Chemistry
942 _cBK
999 _c2692
_d2692